Quiz o Imperium Osmańskim - Statystyki

Ogólne statystyki
  • Ten quiz został rozwiązany 16 razy
  • Średni wynik to 11 z 20
Statystyki odpowiedzi
Pytanie Odpowiedź % Poprawnych
Co było stolicą Imperium Osmańskiego? Konstantynopol
100%
Jaki był główny język Osmanów? Turecki
100%
Jaki był tytuł władcy osmańskiego? Sułtan
90%
Kto poprowadził imperium ku Złotemu Wiekowi podczas swego 46-letniego panowania w XVI wieku? Sulejman {Wspaniały}
80%
Jaką europejską stolicę oblegali Turcy, lecz nie udało im się jej zdobyć w latach 1529 i 1683? Wiedeń
80%
Kto pełnił funkcję swoistego premiera Imperium? Wielki {Wezyr}
80%
Jaka wojna oznaczała koniec Imperium Osmańskiego? I wojna światowa
70%
Jaka elitarna grupa żołnierzy składała się początkowo z porwanych chłopców chrześcijańskich, którzy zostali nawróceni na islam? Janczarzy
70%
Przeciwko jakiej grupie ludzi Imperium Osmańskie dokonało ludobójstwa? Ormianie, Asyryjczycy i Grecy pontyjscy
60%
Kto założył Imperium Osmańskie w 1299 roku? Osman I
60%
What Empire controlled that city before the Ottomans captured it in 1453? Imperium Bizantyjskie
50%
Jaka linia kolejowa łączyła Imperium Osmańskie i Paryż? {Orient} Express
50%
Który książę wołoski stawił krwawy opór Osmanom, nabijając na pal tysiące ich żołnierzy? Wlad Palownik
50%
Kto założył nowoczesną Turcję po upadku imperium w 1922 roku? Mustafa Kemal Atatürk
40%
Który brytyjski awanturnik dowodził powstaniem Arabów przeciwko Imperium Osmańskiemu? T.E. Lawrence
40%
Jaki inny tytuł przyjęli władcy osmańscy, oznaczający przywództwo nad całym światem islamskim? Kalif
30%
Jaką wojnę toczyli Turcy z Rosją w latach 50. XIX wieku? Wojna krymska
30%
Jakiej nowomodnej broni użyli Osmanowie, aby zburzyć niegdyś nie do zdobycia mury tego miasta? Armata
20%
Którego półwyspu nie udało się zdobyć wojskom australijskim i nowozelandzkim, ponosząc przy tym straszne straty? Gallipoli
20%
Który angielski poeta zginął walcząc o niepodległość Grecji od Turków w 1824 roku? Lord Byron
10%
Nie znaleziono quizów pasujących do podanych kryteriów
Rozkład punktacji
Procent ludzi z każdym wynikiem
Percentyl według liczby udzielonych odpowiedzi
Twoja historia wyników
Nie rozwiązałeś tego quizu